| 000 | 00859nam1a22002291i 4500 | ||
|---|---|---|---|
| 001 | rc\3421502 | ||
| 005 | 20240726020243.0 | ||
| 035 | _a(NLR Aleph) 007557808 | ||
| 090 |
_a5270234 _c5270234 |
||
| 100 | _a20130115d1972 |||y0rusy50 ca | ||
| 101 | 0 | _arus | |
| 102 | _aRU | ||
| 105 | _ay z ||||| | ||
| 200 | 1 |
_aРаспределение населения, имеющего занятия, по отраслям народного хозяйства, производствам и возрасту... _eТабл. № 268 _fВсесоюз. перепись населения 1970 г. |
|
| 210 |
_a[Москва _cБ. и. _d1972] |
||
| 215 | _d40 | ||
| 309 | _aБез тит. л. и обл. | ||
| 333 | _aДля служебного пользования | ||
| 801 | 0 |
_aRU _bNLR _gpsbo |
|
| 801 | 1 |
_aRU _bELAR _2rusmarc |
|
| 852 |
_aNLR _j72-50К/3288 |
||
| 942 | _cBOOK | ||